Joel / (Record no. 21373)

MARC details
000 -LEADER
fixed length control field 01424cam a2200397 a 4500
001 - CONTROL NUMBER
control field 4434344
003 - CONTROL NUMBER IDENTIFIER
control field OSt
005 - DATE AND TIME OF LATEST TRANSACTION
control field 20260313120656.0
008 - FIXED-LENGTH DATA ELEMENTS--GENERAL INFORMATION
fixed length control field 940811s1995 nyua b 001 0 eng
010 ## - LIBRARY OF CONGRESS CONTROL NUMBER
LC control number 94034473
020 ## - INTERNATIONAL STANDARD BOOK NUMBER
International Standard Book Number 0385412053
020 ## - INTERNATIONAL STANDARD BOOK NUMBER
International Standard Book Number 9780385412056
035 ## - SYSTEM CONTROL NUMBER
System control number 4434344
040 ## - CATALOGING SOURCE
Original cataloging agency DLC
Transcribing agency DLC
Modifying agency DLC
041 1# - LANGUAGE CODE
Language code of text/sound track or separate title eng
-- heb
Language code of original heb
050 00 - LIBRARY OF CONGRESS CALL NUMBER
Classification number BS192.2.A1 1964
Item number .G3 vol. 24C
Classification number BS1573
082 00 - DEWEY DECIMAL CLASSIFICATION NUMBER
Classification number 224/.7077
Edition number 20
130 0# - MAIN ENTRY--UNIFORM TITLE
Uniform title Bible.
Name of part/section of a work Joel.
Language of a work English.
Version Crenshaw.
Date of a work 1995.
245 10 - TITLE STATEMENT
Title Joel /
Statement of responsibility, etc. a new translation with introduction and commentary [by] James L. Crenshaw.
250 ## - EDITION STATEMENT
Edition statement 1st ed.
260 ## - PUBLICATION, DISTRIBUTION, ETC. (IMPRINT)
Place of publication, distribution, etc. New York :
Name of publisher, distributor, etc. Doubleday,
Date of publication, distribution, etc. 1995.
300 ## - PHYSICAL DESCRIPTION
Extent xiv, 251 p. :
Other physical details ill. ;
Dimensions 25 cm.
336 ## - CONTENT TYPE
Content type term text
Content type code txt
Source rdacontent
337 ## - MEDIA TYPE
Media type term unmediated
Media type code n
Source rdamedia
338 ## - CARRIER TYPE
Carrier type term volume
Carrier type code nc
Source rdacarrier
490 1# - SERIES STATEMENT
Series statement The Anchor Bible ;
Volume/sequential designation 24C
504 ## - BIBLIOGRAPHY, ETC. NOTE
Bibliography, etc Includes bibliographical references (p. 55-77) and indexes.
630 00 - SUBJECT ADDED ENTRY--UNIFORM TITLE
Uniform title Bible.
Name of part/section of a work Joel
General subdivision Commentaries.
700 1# - ADDED ENTRY--PERSONAL NAME
Personal name Crenshaw, James L.
830 #0 - SERIES ADDED ENTRY--UNIFORM TITLE
Uniform title Bible.
Language of a work English.
Version Anchor Bible.
Date of a work 1964 ;
Volume number/sequential designation v. 24C.
856 42 - ELECTRONIC LOCATION AND ACCESS
Materials specified Publisher description
Uniform Resource Identifier <a href="http://www.loc.gov/catdir/description/random043/94034473.html">http://www.loc.gov/catdir/description/random043/94034473.html</a>
906 ## - LOCAL DATA ELEMENT F, LDF (RLIN)
a 7
b cbc
c orignew
d 1
e ocip
f 19
g y-gencatlg
942 ## - ADDED ENTRY ELEMENTS (KOHA)
Source of classification or shelving scheme Library of Congress Classification
Koha item type General Collection
Holdings
Withdrawn status Lost status Source of classification or shelving scheme Not for loan Home library Current library Shelving location Date acquired Source of acquisition Inventory number Total Checkouts Full call number Barcode Date last seen Copy number Price effective from Koha item type
    Library of Congress Classification   Kabarak, Main Campus Kabarak, Main Campus General Stacks 13/03/2026 Donation 2025/3132   BS192.2.A1 1964 C.1 38680 13/03/2026 C.1 13/03/2026 General Collection
Designed with assistance from East African Informatics Ltd